Odplata

Píše sa rok 1946. Vojnový hrdina a vážený farmár Pete Banning zastrelí rovnako rešpektovaného a obľúbeného metodistického kazateľa Dextera Bella. Napriek snahe právnika odmieta svoj čin vysvetliť. Pete patrí k veteránom, ktorí počas druhej svetovej vojny na Filipínach prežili neslávne známy Bataansk...

Full description

Bibliographic Details
Main Author: Grisham, John, 1955- (Author)
Other Authors: Kubaň, Dušan, 1971-2022 (Narrator)
Format: CD Audio
Language:Slovak
English
PhysicalDescription:1 elektronický optický disk (CD-ROM) digitálny, MP3 12cm
Published: Levoča Slovenská knižnica pre nevidiacich Mateja Hrebendu 2020
ISBN:9788018085974
Subjects:

MARC

LEADER 00000nim a2200000 a 4500
001 vtls011918825
003 SK-MaSNL
005 20260301225355.0
007 sd fungnnmmned
008 200219s2020 xo nnnnfs f n slo
015 |a SNBJ2024 
020 |a 9788018085974  |q (CD-ROM) 
040 |a SNK  |b slo  |c SNK  |e AACR2 
041 1 |a slo  |h eng 
044 |a xo  |c SK 
072 7 |a 821.111(73)-3  |x Americká próza  |2 konspekt 
080 |a 821.111(73)-31  |2 2011 
080 |a (0:82-312.4)  |2 2011 
080 |a (086.7)  |2 2011 
100 1 |a Grisham, John,  |d 1955-  |4 aut  |9 203201 
245 1 0 |a Odplata  |h elektronický zdroj  |c John Grisham ; číta: Dušan Kubaň 
260 |a Levoča  |b Slovenská knižnica pre nevidiacich Mateja Hrebendu  |c 2020 
300 |a 1 elektronický optický disk (CD-ROM)  |b digitálny, MP3  |c 12cm 
306 |a 173000 
520 8 |a Píše sa rok 1946. Vojnový hrdina a vážený farmár Pete Banning zastrelí rovnako rešpektovaného a obľúbeného metodistického kazateľa Dextera Bella. Napriek snahe právnika odmieta svoj čin vysvetliť. Pete patrí k veteránom, ktorí počas druhej svetovej vojny na Filipínach prežili neslávne známy Bataansky pochod smrti. Petov syn Joel sa s následkami otcovho mlčania nedokáže zmieriť a pátra po motíve nezmyselného činu 
521 |a Pre nevidiacich, slabozrakých a inak zdravotne postihnutých 
655 7 |a zvukové záznamy  |2 SNKPH  |9 70720 
655 7 |a americké romány  |2 SNKPH  |9 1174 
655 7 |a trilery (romány)  |2 SNKPH  |9 151146 
700 1 |a Kubaň, Dušan,  |d 1971-2022  |4 nrt  |9 218885 
787 0 8 |i Podľa knihy:  |t Odplata  |d Bratislava : Ikar, a.s., 2019  |z 978-80-551-6789-3 
919 |a 978-80-18-08597-4 
958 |a SX 
999 |c 950655  |d 952585 
952 |a SNK  |b SNK  |y PREZ  |7 0  |p 17A1457802  |o snkSCD 5576  |i snk2021/12129  |8 0  |0 0  |1 0  |4 0  |d 2021-09-09  |l 0  |r 2026-02-24 09:47:10  |w 2026-02-24